000 00567nam a2200181Ia 4500
001 17070
005 20260306170358.0
008 260306t2012||||xx |||||||||||||| ||und||
041 _aESP
082 _a657.45
_bF34 V. 1
100 _aFederación Internacional de Contadores
_eAUT
245 0 _aGuía par el uso de las normas internacionales de auditoría en auditorías de pequeñas y medianas empresas:
_bVolumen 1 - Conceptos principales
260 _c2012
300 _a284 páginas :
_c28 cm.
650 _aGEN
654 _aCCO
942 _cLIB
_dJUS
_fJUS
_2ddc
_n
999 _c17070
_d17070